000
00317nam a22001457a 4500
005
20200531151749.0
008
200531b xxu||||| |||| 00| 0 eng d
041
_a
eng
082
_a
340
100
_a
BARE ACT
_9
5744
245
_a
THE SUITE VALUATION ACT, 1887
300
_a
8;p
650
_a
LAW
_9
5701
942
_c
BK
999
_c
6727
_d
6725